Filme mit den meisten Oscars - Statistiken

Allgemein
  • Dieses Quiz wurde 195 mal gespielt
  • Das Durchschnittsergebnis liegt bei 4 aus 15
Antwortstatistiken
Hint Antwort % Korrekt
11 Oscars Titanic
95%
11 Oscars Ben Hur
45%
8 Oscars Gandhi
35%
8 Oscars Slumdog Millionär
32%
10 Oscars West Side Story
32%
11 Oscars Der Herr der Ringe Die Rückkehr des Königs
28%
8 Oscars Amadeus
22%
9 Oscars Der letzte Kaiser
18%
8 Oscars My Fair Lady
18%
8 Oscars Vom Winde verweht
15%
9 Oscars Der englische Patient
13%
8 Oscars Cabaret
8%
8 Oscars Die Faust im Nacken
4%
8 Oscars Verdammt in alle Ewigkeit
4%
9 Oscars Gigi
2%
Keine übereinstimmenden Quizze gefunden
Verteilung der Resultate
Anzahl Personen mit jedem Resultat
Perzentil nach korrekt beantworteten Fragen
Ihre Resultats-Entwicklung
Sie haben dieses Quiz noch nicht gespielt